000
00312nam a22001337a 4500
003
SGT
082
_a
954.01
_b
T11R
100
_a
RUSSELL, R.V.
245
_a
TRIBES AND CASTES OF THE CENTRAL PROVINANCES OF INDIA
260
_a
INDIA
_b
COSMO
_c
1911
300
_a
589
650
_a
INDIAN HISTORY
942
_2
ddc
_c
BK
999
_c
26282
_d
26282